000
00322nam a2200145Ia 4500
008
221030s9999 xx 000 0 und d
041
_a
English
082
_a
105.23
100
_a
E. Rich
245
0
_a
Artifical Intelligence
_c
by E. Rich, K. Knight
260
_c
0
650
_a
B
700
_a
K. Knight
942
_c
BK
999
_c
10572
_d
10572